• 首页
  • 本馆介绍
  • 公告通知
  • 最新文献
  • 馆藏检索
  • 电子资源
  • 读者导购
  • 参考咨询
  • 我的图书馆
  • 登录
  • 详细信息显示
  • 放入我的书架
  • 预约/预借图书
  • 作者相关作品
  • 分类相关作品
  • 丛书相关作品
  • 出版社相关作品

书目信息

  • 表格格式
  • 工作单格式
  • 卡片格式
题名:
全球战略观察报告
    
 
作者: 王灵桂 主编
分册:   国外智库看TPP
出版信息: 北京   中国社会科学出版社  2016
页数: 201页
开本: 26cm
丛书名:
单 册:
中图分类: F744
科图分类:
主题词: 自由贸易--zi you mao yi--国际贸易--贸易协定--研究
电子资源:
ISBN: 978-7-5161-8461-5
000 00858nam0 22002291 450
001 0124140228
005 20170324140228.0
010    @a978-7-5161-8461-5@dCNY53.00
100    @a20160714d2016 em y0chiy50 ea
101 0  @achi
102    @aCN@b110000
105    @ay z 000yy
106    @ar
200 1  @a全球战略观察报告@9quan qiu zhan lue guan cha bao gao@i国外智库看TPP@f王灵桂主编
210    @a北京@c中国社会科学出版社@d2016
215    @a201页@d26cm
330    @a本书收录了《美国:“我们战略的核心就是必须与中国建立高效和现实的关系”》《英国:TPP如果失败,“必须以通俗的语言向加拿大做出报告:他们将获得怎样的利益,以及需要放弃什么”》等文章。
606 0  @a自由贸易@9zi you mao yi@x国际贸易@x贸易协定@x研究
690    @aF744@v5
701  0 @a王灵桂@9wang ling gui@f(1967~)@4主编
801  0 @aCN@bTANGWEI@c20170308
905    @b0962423-6@dF744@e186@f4
    
    全球战略观察报告.国外智库看TPP/王灵桂主编.-北京:中国社会科学出版社,2016
    201页;26cm
    
    
    ISBN 978-7-5161-8461-5:CNY53.00
    本书收录了《美国:“我们战略的核心就是必须与中国建立高效和现实的关系”》《英国:TPP如果失败,“必须以通俗的语言向加拿大做出报告:他们将获得怎样的利益,以及需要放弃什么”》等文章。
●
相关链接 在E读中查询图书 在五车中查询图书 在当当中查询图书 在豆瓣中查询图书


正题名:全球战略观察报告     索取号:F744/186         预约/预借

序号 登录号 条形码 馆藏地/架位号 状态 备注
1 0962423   209624236   第一样本阅览室/ [索取号:F744/186] 在馆    
2 0962424   209624245   第一借阅区/ [索取号:F744/186] 在馆    
3 0962425   209624254   第一借阅区/ [索取号:F744/186] 在馆    
4 0962426   209624263   第一借阅区/ [索取号:F744/186] 在馆    
唐山师范学院图书馆 欢迎您!
大连网信软件有限公司© 版权所有